000 00980nam a22002537a 4500
005 20220624090330.0
008 220624s2013 nyua|||gr|||| 00| 0 eng d
020 _a9780077446499 (V.1- 7a.Ed.)
040 _aCO-BoUCM
_bspa
_cDeissy Garcia
_dDeissy Garcia
041 0 _aeng
100 1 _9175079
_aSpiceland, J. David
_d1949-
245 1 0 _aIntermediate accounting
_cJ. David Spiceland, James F. Sepe, Mark W. Nelson
250 _a7a.Ed.
260 _aNueva York
_bMcGraw-Hill/Irwin
_c2013
300 _a2 volúmenes
_bilustraciones
500 _aBibliografía Básica - Escuela de Administración - Pregrado en Marketing y Negocios Digitales
504 _aIncluye referencias bibliográficas e índices
650 7 _97449
_aContabilidad
650 7 _aContabilidad
_xProblemas, ejercicios, etc.
_9174422
700 1 _9175080
_aSepe, James F.
700 1 _9175081
_aNelson, Mark
942 _2DEWEY
_a16
_cLIBRO
_e7
_h657.044
_mS754i
_n0
999 _c321374
_d321374